The Ashgate Research Companion to Modern Warfare (Record no. 60235)

000 -LEADER
fixed length control field 00637nam a22001817a 4500
003 - CONTROL NUMBER IDENTIFIER
control field NUST-PNEC
005 - DATE AND TIME OF LATEST TRANSACTION
control field 20170114142547.0
008 - FIXED-LENGTH DATA ELEMENTS--GENERAL INFORMATION
fixed length control field 140718b xxu||||| |||| 00| 0 eng d
020 ## - INTERNATIONAL STANDARD BOOK NUMBER
International Standard Book Number 075467410X
040 ## - CATALOGING SOURCE
Transcribing agency PNEC
082 ## - DEWEY DECIMAL CLASSIFICATION NUMBER
Classification number 355.02 KAS
100 ## - MAIN ENTRY--PERSONAL NAME
9 (RLIN) 188
Personal name Kassimeris George
245 ## - TITLE STATEMENT
Title The Ashgate Research Companion to Modern Warfare
Statement of responsibility, etc. George Kassimeris
300 ## - PHYSICAL DESCRIPTION
Extent 482 p
500 ## - GENERAL NOTE
General note Includes index. http://www.amazon.com/Ashgate-Research-Companion-Modern-Warfare/dp/075467410X/ref=sr_1_1?s=books&ie=UTF8&qid=1405655684&sr=1-1&keywords=The+Ashgate+Research+Companion+to+Modern+Warfare
650 ## - SUBJECT ADDED ENTRY--TOPICAL TERM
General subdivision MIS
942 ## - ADDED ENTRY ELEMENTS (KOHA)
Source of classification or shelving scheme
Koha item type Book
Holdings
Withdrawn status Lost status Source of classification or shelving scheme Damaged status Not for loan Permanent Location Current Location Date acquired Source of acquisition Cost, normal purchase price Total Checkouts Full call number Barcode Date last seen Cost, replacement price Price effective from Koha item type
          Pakistan Navy Engineering College (PNEC) Pakistan Navy Engineering College (PNEC) 12/21/2010 Fair Book Center 600.00   355.02 KAS PNECBB-005573 07/18/2014 600.00 12/21/2010 Book
© 2023 Central Library, National University of Sciences and Technology. All Rights Reserved.